00584nam a22001697a 450000500170000001000130001702000260003003500110005603700160006708200110008310000420009424500750013624600530021126000500026427000770031430000230039120191122171734.0 aUR-10611 c200.00a9789384255596 aU-9166 bDBAD/PUBa- a844.08 aو ا حد نظا م آ با د ی  aحر ف د ر حر ف خيا ل cو ا حد نظا م آ با د ی bHarf Dar Harf Khayal (Urdu)aby Wahid Nizamabadi aDelhibEducational Publishing Housec2018 ء a3191,Vakil Street, Kucha Pandit,Lal Kuan,bDelhie110006k01123216162l- a198 ص c22 Cm(Hb)